[Event "CZE-chT2 9899"]
[Site "CZE"]
[Date "1999.??.??"]
[Round "?"]
[White "Hrubant, Ivan"]
[Black "Paulovic, Martin"]
[Result "1/2-1/2"]
[WhiteElo "2165"]
[BlackElo "2205"]

1.d4 d5 2.c4 c6 3.Nf3 Nf6 4.Qb3 Qb6 5.c5 Qxb3 6.axb3 Bf5 7.Bf4 Nbd7 8.e3 Nh5
9.b4 Nxf4 10.exf4 f6 11.Nbd2 a6 12.Be2 O-O-O 13.O-O Re8 14.Nh4 Be6 15.Rfe1 Bf7
16.Bg4 e6 17.Nhf3 g6 18.Re2 h5 19.Bh3 Bh6 20.Rae1 Bxf4 21.Bxe6 Bxe6 22.Rxe6 Kd8
23.Kf1 Rxe6 24.Rxe6 Re8 25.Rxe8+ Kxe8 26.Ke2 Nf8 27.Nb3 Kd7 28.g3 Bc7 29.Nh4 Ke6
30.f4 g5 31.Ng2 Ng6 32.Kf3 Ne7 33.h3 Ng6  1/2-1/2

[Event "CZE-chT 9899"]
[Site "CZE"]
[Date "1999.??.??"]
[Round "5"]
[White "Lechtynsky, Jiri"]
[Black "Trichkov, Vasil"]
[Result "1-0"]
[WhiteElo "2400"]
[BlackElo "2350"]

1.Nf3 d5 2.d4 Nf6 3.c4 c6 4.Qb3 e6 5.g3 Be7 6.Bg2 O-O 7.O-O Nbd7 8.Rd1 b6
9.Nc3 Ba6 10.Nd2 Rc8 11.e4 dxc4 12.Nxc4 b5 13.Ne3 b4 14.e5 bxc3 15.exf6 Nxf6
16.bxc3 Qa5 17.c4 Rfd8 18.Bd2 Qa3 19.Nc2 Qd6 20.Qa4 Bb7 21.Qxa7 Qb8 22.Qxb8 Rxb8
23.Bf4 Rbc8 24.Rab1 Ba6 25.Ne3 Nd7 26.g4 h6 27.Rb3 Bf6 28.Ra3 Bb7 29.Ra7 Ba8
30.Bc7 Re8 31.Bd6 Nf8 32.c5 g5 33.Nc4 Ng6 34.Nb6 Rcd8 35.Bc7 Rxd4 36.Rxd4 Bxd4
37.Bd6 Nf4 38.Bxf4 gxf4 39.Rxa8 Rxa8 40.Nxa8 Bxc5 41.a4 Bb4 42.Nb6 Kg7 43.Nc4 Kf6
44.a5 Kg5 45.a6 Bc5 46.Ne5 f6 47.Nxc6 Kxg4 48.h3+ Kh4 49.a7 Bxa7 50.Nxa7 f3
51.Bxf3 Kxh3 52.Nc6 Kh4 53.Nd8 e5 54.Nf7 h5 55.Kg2 e4 56.Bxe4 f5 57.Bf3 f4
58.Bd1 f3+ 59.Kh2  1-0

[Event "CZE-chT 9899"]
[Site "CZE"]
[Date "1999.??.??"]
[Round "11"]
[White "Chloupek, Stanislav"]
[Black "Beil, Zdenek"]
[Result "1/2-1/2"]
[WhiteElo "2355"]
[BlackElo "2315"]

1.d4 d5 2.Nf3 Nf6 3.c4 c6 4.Qb3 dxc4 5.Qxc4 Bf5 6.g3 e6 7.Bg2 Na6 8.a3 Qb6
9.Nc3 Rd8 10.O-O Be7 11.b4 Nc7 12.Na4 Qb5 13.Qxb5 Nxb5 14.Bb2 O-O 15.Nc5 Bxc5
16.bxc5 Be4 17.e3 Nd7 18.Rfc1 f6 19.Bc3 Nxc3 20.Rxc3 b6 21.cxb6 axb6 22.Nd2 Bxg2
23.Kxg2 c5 24.Nb3 cxd4 25.Nxd4 Rfe8 26.Rc7 Nc5 27.Rb1 Rd7 28.Rc6 e5 29.Nf5 Rd2
30.Nd6 Rd8 31.Rbxb6 Nd3 32.Ne4 Ra2 33.Rd6 Rxd6 34.Rxd6 Rxa3 35.g4 Ra4 36.Rxd3 Rxe4  1/2-1/2

[Event "EU-ch Union SCIPT"]
[Site "DEN"]
[Date "1999.??.??"]
[Round "1"]
[White "Eriksson, Jorgen"]
[Black "Alberts, Hendrik Jan"]
[Result "1/2-1/2"]
[WhiteElo "2220"]
[BlackElo "2175"]

1.d4 d5 2.c4 c6 3.Nf3 Nf6 4.Qc2 g6 5.Bf4 Bg7 6.e3 O-O 7.Nc3 Nh5 8.Be5 Bxe5
9.Nxe5 Nf6 10.Bd3 Nbd7 11.Nxd7 Qxd7 12.O-O Qd6 13.Rfd1 Bd7 14.h3 Rad8 15.Rac1 a6
16.Rd2 Bc8 17.Rcd1 Qb8 18.e4 dxe4 19.Nxe4 Nxe4 20.Bxe4 Qf4 21.Qd3 Qf6 22.Qf3 Qxf3
23.Bxf3 Rd6 24.b4 Be6 25.d5 cxd5 26.cxd5 Rfd8 27.Kf1 Bd7 28.Rc1 Bb5+ 29.Kg1 Ba4
30.Re2 Kf8 31.Rc7 R6d7 32.Rc5 Bd1 33.Re5 Bxf3 34.gxf3 f6 35.Re6 Rxd5 36.Rb6 Rxc5
37.bxc5 Rc8 38.Rxb7 Rxc5 39.Rb3 Ra5 40.a3 Kf7 41.Kg2 g5 42.Kg3 Ra4 43.Re3 h5
44.Kh2 Rc4 45.Kg3 Ke8 46.Rd3 h4+ 47.Kg2 Kf7 48.Re3 e5 49.Rb3 Rc6 50.Re3 Ke6
51.Rd3 Rb6 52.Rc3 Kd5 53.Rd3+ Kc4 54.Rd1 a5 55.a4 Kb4 56.Rb1+ Kc5 57.Rc1+ Kd6
58.Rd1+ Ke6 59.Ra1 Rb4 60.Ra3 Rd4 61.Ra1 Kd5 62.Rb1 Kc6 63.Rc1+ Kd6 64.Rc8 Rxa4
65.Ra8 Ke6 66.Ra6+ Kf5 67.Kh2 Ra2 68.Kg2 a4 69.Kg1 a3 70.Kg2 Kg6 71.Ra7 f5
72.Ra6+ Kf7 73.Kg1 e4 74.fxe4 fxe4 75.Ra4 e3 76.fxe3 Kf6 77.Ra5 Ra1+ 78.Kg2 Ra2+
79.Kg1 Ke6 80.e4 Kd6 81.Kh1 Re2 82.Rxa3 Rxe4 83.Kg2 Re2+ 84.Kg1 Ke5  1/2-1/2

[Event "EU-ch Union SCIPT"]
[Site "DEN"]
[Date "1999.??.??"]
[Round "6"]
[White "Van der Werf, Mark"]
[Black "Stempin, Pawel"]
[Result "1/2-1/2"]
[WhiteElo "2430"]
[BlackElo "2390"]

1.d4 d5 2.c4 c6 3.Nf3 Nf6 4.Qc2 dxc4 5.Qxc4 Bf5 6.g3 Nbd7 7.Nc3 e6 8.Bg2 Be7
9.O-O O-O 10.e3 h6 11.Rd1 Rc8 12.Qe2 Ne4 13.Nd2 Nxc3 14.bxc3 Bc2 15.Re1 Bh7
16.a4 Nf6 17.a5 Qc7 18.e4 c5 19.d5 exd5 20.exd5 Bd6 21.Nc4 Rfe8 22.Be3 Be4
23.Bh3 Bxd5 24.Nxd6 Qxd6 25.Bxc8 Rxc8 26.c4 Be6 27.Qf3 Qa6 28.Rab1 Qxc4 29.Bxh6 Qd5
30.Qxd5 Nxd5 31.Be3 b6 32.axb6 axb6 33.h4 Kh7 34.Rec1 Rc6 35.Rb5 Nc7 36.Rb2 Nd5
37.Rb5  1/2-1/2

[Event "DEN-chT 9899"]
[Site "Denmark"]
[Date "1999.??.??"]
[Round "4"]
[White "Hoi, Carsten"]
[Black "Hansen, Lars Bo"]
[Result "0-1"]
[WhiteElo "2430"]
[BlackElo "2570"]

1.d4 d5 2.c4 c6 3.Nf3 dxc4 4.e3 Be6 5.Qc2 Nf6 6.Bxc4 Bxc4 7.Qxc4 Qa5+ 8.Bd2 Qa6
9.Na3 e6 10.Qxa6 Nxa6 11.Nc4 Rc8 12.Ke2 Ne4 13.Rhc1 Be7 14.Na5 Rc7 15.a3 f6
16.Be1 h5 17.b4 g5 18.Nd2 Nxd2 19.Bxd2 Kf7 20.Rc2 Rb8 21.e4 Rd7 22.Be3 Nc7
23.Nb3 Rbd8 24.f3 Kg6 25.Rc4 f5 26.a4 Ne8 27.Nc5 Bxc5 28.Rxc5 Nd6 29.Kd3 a6
30.h4 g4 31.Bg5 Rf8 32.Re1 fxe4+ 33.fxe4 Nf7 34.Be3 e5 35.d5 Rfd8 36.Rf1 cxd5
37.b5 dxe4+ 38.Ke2 axb5 39.Rxb5 Rc8 40.Rb6+ Kg7 41.Rfb1 Rc2+ 42.Kf1 Rd3 43.Re1 Nd6
44.Bg5 g3 45.Be7 Nc4 46.Rxb7 Ne3+ 47.Kg1 Rxg2+ 48.Kh1 Rh2+ 49.Kg1 Rg2+ 50.Kh1 Rh2+
51.Kg1 Kg6 52.Bg5 Rd1 53.Rxd1 Nxd1 54.Rb3 e3 55.Bxe3 Rxh4 56.a5 Nxe3 57.Rxe3 Ra4
58.Rxe5 Ra2 59.a6 h4 60.Re8 Kf5  0-1

[Event "Eger Agria op"]
[Site "Eger"]
[Date "1999.??.??"]
[Round "?"]
[White "Kerek, Csaba"]
[Black "Bereczki, Janos"]
[Result "1-0"]
[WhiteElo "2385"]
[BlackElo "2125"]

1.d4 d5 2.Nf3 c6 3.c4 Nf6 4.g3 e6 5.Bg2 Bd6 6.O-O Nbd7 7.b3 O-O 8.Bb2 b6
9.Nc3 a6 10.Qc2 Bb7 11.e4 Nxe4 12.Nxe4 dxe4 13.Qxe4 Nf6 14.Qc2 Qe7 15.Rad1 Rfd8
16.Rfe1 Ba3 17.Ba1 Bb4 18.Re2 Bd6 19.Ne5 Bxe5 20.Rxe5 Qc7 21.Qe2 Re8 22.Re1 Rad8
23.f4 Rf8 24.Rg5 Ne8 25.h4 h6 26.Re5 Nf6 27.Rf1 Nd7 28.Re3 c5 29.d5 exd5
30.cxd5 Nf6 31.Re7 Qc8 32.Bxf6 gxf6 33.Rd1 Rfe8 34.d6 Bc6 35.Bxc6 Qxc6 36.Qg4+ Kf8
37.Rxe8+ Qxe8 38.Qf3 Qe6 39.Qd3 b5 40.Kf2 Kg7 41.d7 c4 42.bxc4 bxc4 43.Qd6 Qe4
44.Qd4 Qc6 45.Qd6 Qa4 46.g4 c3 47.g5 hxg5 48.hxg5 Qxa2+ 49.Kf3 Qe6 50.gxf6+ Kxf6
51.Qd4+ Kg6 52.Rg1+ Kh5 53.Rg5+ Kh4 54.Qf2+  1-0

[Event "Cataluna-chT"]
[Site "ESP"]
[Date "1999.??.??"]
[Round "2"]
[White "Pomes Marcet, Juan"]
[Black "Gual Pascual, Antonio"]
[Result "0-1"]
[WhiteElo "2440"]
[BlackElo "2465"]

1.d4 d5 2.c4 c6 3.Nf3 Nf6 4.Qb3 dxc4 5.Qxc4 Bf5 6.Nc3 e6 7.g3 Nbd7 8.Bg2 Be7
9.O-O O-O 10.Bf4 Nd5 11.Bd2 Nxc3 12.bxc3 Be4 13.Qb3 c5 14.Be3 Rc8 15.Nh4 Bxg2
16.Nxg2 cxd4 17.cxd4 Nb6 18.Nf4 Bd6 19.Nd3 Qe7 20.Rfc1 h5 21.h4 Nd5 22.Bg5 f6
23.Bd2 f5 24.Bg5 Qd7 25.Rxc8 Rxc8 26.Rc1 Rxc1+ 27.Bxc1 Qc7 28.Qa4 Kf7 29.Qxa7 Nc3
30.Be3 Nxe2+ 31.Kf1 Nc3 32.Nc5 Bxc5 33.Qxc5 Qxc5 34.dxc5 Nxa2 35.Bd2 e5 36.Ke2 Ke6
37.Kd3 Kd5 38.Kc2 Kc4 39.Bg5 Nb4+ 40.Kd2 Kxc5  0-1

[Event "Cataluna-chT"]
[Site "ESP"]
[Date "1999.??.??"]
[Round "4"]
[White "Pomes Marcet, Juan"]
[Black "Grau Brumos, Isidre"]
[Result "1-0"]
[WhiteElo "2440"]
[BlackElo "2230"]

1.d4 d5 2.c4 c6 3.Nf3 Nf6 4.Qb3 e6 5.g3 Bd6 6.Bg2 O-O 7.Nc3 Nbd7 8.O-O b6
9.Re1 Ba6 10.cxd5 exd5 11.Bf4 Qc7 12.e3 Bxf4 13.gxf4 Qd6 14.Ne5 Bb7 15.Rad1 Nh5
16.Bf3 Nhf6 17.Kh1 Rad8 18.Rg1 Ne8 19.Rg3 Kh8 20.Rdg1 f6 21.Nd3 Ba6 22.Qc2 Bxd3
23.Qxd3 f5 24.Rg5 g6 25.Qf1 Ndf6 26.Qh3 Ne4 27.Bxe4 dxe4 28.Rxg6 Qd7 29.Qh6  1-0

[Event "Gent op 22nd"]
[Site "Gent"]
[Date "1999.??.??"]
[Round "8"]
[White "Abilianin, A."]
[Black "Lotzerich, R."]
[Result "1-0"]
[WhiteElo "2315"]
[BlackElo "2075"]

1.d4 d5 2.c4 c6 3.Nf3 Nf6 4.Qb3 dxc4 5.Qxc4 Bf5 6.Nc3 Nbd7 7.g3 e6 8.Bg2 Be7
9.O-O O-O 10.Qb3 Qb6 11.Qxb6 Nxb6 12.Nh4 Bc2 13.e4 Rfd8 14.Be3 Nc4 15.Rac1 Ng4
16.Rxc2 Ncxe3 17.fxe3 Nxe3 18.Rd2 Nxf1 19.Kxf1 Bxh4 20.gxh4 Rd7 21.Ke2 Rad8
22.Ke3 Kf8 23.Bh3 Rd6 24.e5 R6d7 25.Ne4 h6 26.Nd6 Ke7 27.h5 Rc7 28.Rg2 Rg8
29.Ne4 Rcc8 30.Rf2 Rgf8 31.Bf1 Rc7 32.Rg2 Rg8 33.Nf6 Rd8 34.Ne4 Kf8 35.Rc2 Ke7
36.b4 a6 37.Rg2 Kf8 38.Re2 Rcd7 39.Nd6 Kg8 40.a4 Ra8 41.a5 Rad8 42.Bg2 Kf8
43.Be4 Kg8 44.Kd3 f5 45.Bf3 Kh7 46.Rg2 Rb8 47.Kc4 b6 48.axb6 Rxb6 49.Kc5 Rb8
50.Bxc6 Rc7 51.Ra2 g5 52.hxg6+ Kxg6 53.Rxa6 f4 54.b5 f3 55.Ra2 Rf8 56.Rf2 Kg5
57.b6 Rxc6+ 58.Kxc6 Kf4 59.b7 Ke3 60.Rxf3+ Kxf3 61.Nc8  1-0

[Event "Oberliga Ost A9899"]
[Site "GER"]
[Date "1999.??.??"]
[Round "?"]
[White "Roeber, Bjoern"]
[Black "Aepfler, Christian"]
[Result "1/2-1/2"]
[WhiteElo "2325"]
[BlackElo "2210"]

1.d4 d5 2.Nf3 Nf6 3.c4 c6 4.Qc2 g6 5.Bf4 Bf5 6.Qb3 Qb6 7.Nc3 dxc4 8.Qxb6 axb6
9.a4 Na6 10.Be5 Nb4 11.Rc1 Bh6 12.e3 Bd3 13.g4 Bg7 14.g5 Nh5 15.Bc7 Bxf1
16.Kxf1 Nd5 17.Nxd5 cxd5 18.b3 cxb3 19.Bxb6 Rxa4 20.Kg2 O-O 21.Rc7 f6 22.Bc5 fxg5
23.Bxe7 Re8 24.Rb1 g4 25.Ne1 Bf6 26.Bxf6 Nxf6 27.Rxb3 Ra7 28.Rbxb7 Rxb7 29.Rxb7 Rf8
30.Nd3 Rf7 31.Rb8+ Kg7 32.Rd8 Rd7 33.Rxd7+ Nxd7 34.Kg3 h5 35.Nb4 Nb6 36.Kf4 Kf6
37.e4 g5+ 38.Ke3 dxe4 39.Kxe4 Nc4 40.Kd3 Nd6 41.Nd5+ Kf5 42.Ke3 Nc4+ 43.Ke2 Ke4
44.Nf6+ Kxd4 45.Nxh5 Ke5 46.Kf1 Nd6 47.Ng3 Ne4 48.Ne2 Kd5 49.Kg2 Ke5  1/2-1/2

[Event "GER-ch 11th Seniors"]
[Site "Germany"]
[Date "1999.??.??"]
[Round "?"]
[White "Brandenberg, Karl Heinz"]
[Black "Krueger, Walter"]
[Result "1-0"]
[WhiteElo "2190"]
[BlackElo "1775"]

1.Nf3 d5 2.d4 Nf6 3.c4 c6 4.g3 e6 5.Bg2 Bb4+ 6.Nc3 Ne4 7.O-O Nxc3 8.bxc3 Bxc3
9.Rb1 Nd7 10.Qc2 Ba5 11.cxd5 exd5 12.e4 Nf6 13.exd5 cxd5 14.Ba3 Qc7 15.Qe2+ Be6
16.Ng5 Bb6 17.Nxe6 fxe6 18.Qxe6+ Kd8 19.Rfc1 Qd7 20.Rxb6 axb6 21.Qxb6+ Ke8
22.Re1+ Ne4 23.Bxe4 Rxa3 24.Bg6+ Kf8  1-0

[Event "Havana Provincial-B"]
[Site "Havana"]
[Date "1999.??.??"]
[Round "?"]
[White "Marcel, R."]
[Black "Montero, R."]
[Result "1/2-1/2"]
[WhiteElo "2000"]
[BlackElo "2000"]

1.d4 d5 2.c4 c6 3.Nf3 Nf6 4.Qc2 g6 5.Nc3 Bg7 6.Bf4 O-O 7.e3 Bf5 8.Qb3 Qb6
9.Be2 Nbd7 10.Qxb6 Nxb6  1/2-1/2

[Event "Havana Provincial-B"]
[Site "Havana"]
[Date "1999.??.??"]
[Round "?"]
[White "Marcel, R."]
[Black "Toledo, W."]
[Result "1/2-1/2"]
[WhiteElo "2000"]
[BlackElo "2055"]

1.d4 d5 2.c4 c6 3.Nf3 Nf6 4.Qc2 e6 5.Bg5 Be7 6.e3 Nbd7 7.Nbd2 Ne4 8.Bxe7 Qxe7
9.Bd3 f5 10.O-O O-O 11.a3 Rf6 12.b4 Rh6 13.Rfc1 g5 14.Nf1 g4 15.N3d2 Ndf6
16.Nxe4 Nxe4 17.b5 Qh4 18.Bxe4 fxe4 19.bxc6 bxc6 20.Qa4 Bd7 21.Ra2 Rf8 22.g3 Qh5
23.Qxa7 Bc8 24.cxd5 exd5 25.a4 c5 26.h4 gxh3 27.Nh2 c4 28.a5 Ba6 29.Rb2 c3
30.Rb8 Rf6 31.Rxf8+ Kxf8 32.Qb8+ Kg7 33.Qc7+ Rf7 34.Qxc3 Rxf2 35.Qc7+ Rf7
36.Qe5+ Qxe5 37.dxe5 Bc4 38.Ra1 h5 39.e6 Re7 40.a6 Ra7 41.g4 hxg4 42.Nxg4 Rxa6
43.Rxa6 Bxa6 44.Nf2 Kf6 45.Nxh3 Kxe6 46.Nf4+ Ke5 47.Ng2 Kf5 48.Kf2 Kg4 49.Ne1 Bd3
50.Ng2 Bc2 51.Ne1 Bd1 52.Ng2 Bf3 53.Ne1  1/2-1/2

[Event "Havana Provincial-B"]
[Site "Havana"]
[Date "1999.??.??"]
[Round "?"]
[White "Marcel, R."]
[Black "Lopez, Carlos Manuel"]
[Result "1/2-1/2"]
[WhiteElo "2000"]
[BlackElo "2295"]

1.d4 d5 2.c4 c6 3.Nf3 Nf6 4.Qc2 g6 5.Nc3 Bf5 6.Qb3 dxc4 7.Qxb7 Nbd7 8.Bf4 Qc8
9.Qxc8+ Rxc8 10.e3 Nb6 11.Ne5 Be6 12.e4 Bg7 13.Be2 O-O 14.O-O-O Rfd8 15.a4 a5
16.Be3 Nfd7 17.Nxc6 Rxc6 18.d5 Bxd5 19.Nxd5 Re8 20.Nc3 Nc5 21.Bxc5 Rxc5 22.Kc2 Rb8
23.Ra1 Nc8 24.Rhd1 Nd6 25.f3 f5 26.Rd5 Rxd5 27.exd5 Rb4 28.Re1 Kf8 29.Bd1 Ke8
30.Re6 Kd7 31.g4 Bf6 32.h3 Kc7 33.Kc1 Kb6 34.f4 Kc5 35.g5 Bxc3 36.bxc3 Rb7
37.Bf3 Rb3 38.Kc2 Rb7 39.h4 Rd7 40.h5 gxh5 41.Rh6 Ne4 42.Rxh7 Rxd5 43.Bxe4 fxe4
44.Rxe7 Rd3 45.g6 Rg3 46.f5 h4 47.Rh7 Kd5 48.Rxh4 Ke5 49.Rh5 Rg2+ 50.Kd1 Kf4
51.Ke1 e3  1/2-1/2

[Event "HUN-chT9899"]
[Site "HUN"]
[Date "1999.??.??"]
[Round "?"]
[White "Lorincz, Istvan"]
[Black "Siklosi, Zoltan"]
[Result "1/2-1/2"]
[WhiteElo "2350"]
[BlackElo "2365"]

1.d4 d5 2.Nf3 Nf6 3.c4 c6 4.Qb3 dxc4 5.Qxc4 Bf5 6.Nc3 e6 7.g3 Nbd7 8.Bg2 Be7
9.O-O O-O 10.a3 Ne4 11.b4 a5 12.Bb2 axb4 13.axb4 Qb6 14.Nxe4 Bxe4 15.Bc3 Rfd8
16.Nd2 Bd5 17.Bxd5 cxd5 18.Qd3 Nf6 19.b5 Rdc8 20.Nb3 Ne4 21.Ba5 Qd6 22.Rfc1 h5
23.Be1 Qd7  1/2-1/2

[Event "HUN-chT29899"]
[Site "HUN"]
[Date "1999.??.??"]
[Round "?"]
[White "Vadasz, Laszlo"]
[Black "Veress, Robert"]
[Result "1-0"]
[WhiteElo "2380"]
[BlackElo "2305"]

1.Nf3 d5 2.d4 c6 3.c4 Nf6 4.Qc2 e6 5.g3 Nbd7 6.Bg2 Be7 7.O-O O-O 8.b3 b6
9.Rd1 Bb7 10.Nc3 Rc8 11.e4 dxe4 12.Nxe4 Nxe4 13.Qxe4 Ba8 14.Qe2 Qc7 15.Bf4 Bd6
16.Bxd6 Qxd6 17.Rac1 Qe7 18.Rd2 c5 19.d5 e5 20.Re1 Rce8 21.Qd1 Qd6 22.Rde2 h6
23.Qa1 f6 24.Bh3 g5 25.Qb1 Kg7 26.Nd2 Bb7 27.Nf1 Bc8 28.Ne3  1-0

[Event "La Coruna op 10th"]
[Site "La Coruna"]
[Date "1999.??.??"]
[Round "6"]
[White "Caselas, Jacobo"]
[Black "Perez, Rodney"]
[Result "0-1"]
[WhiteElo "2315"]
[BlackElo "2475"]

1.d4 d5 2.c4 c6 3.Nf3 dxc4 4.e3 Be6 5.Be2 Nf6 6.O-O g6 7.Ne5 Bg7 8.Nxc4 c5
9.dxc5 Nfd7 10.Nc3 O-O 11.e4 Nxc5 12.Be3 Nba6 13.f3 Rc8 14.Qxd8 Rfxd8 15.Rfd1 Rxd1+
16.Rxd1 Bxc3 17.bxc3 Na4 18.Rd4 Nxc3 19.Bf1 Nxa2 20.Na5 Nc5 21.Bh6 f6 22.Rd2 Kf7
23.Be3 b6 24.Bxc5 bxa5 25.Bxa7 a4 26.Rd3 Rc1 27.Rd4 Nc3 28.Kf2 a3  0-1

[Event "Mondariz-A"]
[Site "Mondariz"]
[Date "1999.??.??"]
[Round "4"]
[White "Hernandez, Roman"]
[Black "Hernandez Estevez, Yudania"]
[Result "1/2-1/2"]
[WhiteElo "2425"]
[BlackElo "2230"]

1.d4 d5 2.Nf3 c6 3.Nbd2 Nf6 4.c4 g6 5.e3 Bg7 6.Be2 O-O 7.O-O Bg4 8.h3 Bxf3
9.Bxf3 e6 10.b3 Re8 11.Bb2 Nbd7 12.Rc1 Rc8 13.Rc2 Qe7 14.Qc1 Qd8 15.Ba1 Qe7
16.Re1 Qd6 17.Bb2 Rcd8 18.a4 Bf8 19.Qa1 Bg7 20.a5 a6 21.Qa4 h6 22.b4 dxc4
23.Nxc4 Qb8 24.e4 Bf8 25.Qb3 Bg7 26.g3 h5 27.Bg2 Rf8 28.Rd2 Bh6 29.Rdd1 Rfe8
30.Ba1 Re7 31.Nb2 Rde8 32.Nd3 Bg7 33.Bc3 Rd8 34.Bd2 Nh7 35.Be3 Ree8 36.Qc4 Ndf6
37.Bf4 Qc8 38.Nc5 Bf8 39.Na4 Qd7 40.Nc5 Qe7 41.Be3 Qc7 42.Bf4 Qc8 43.Qc1 Bg7
44.Kh2 Bf8 45.Bf3 Bg7 46.Kg2 Nd7 47.Bd6 Ndf6 48.Bf4 Nd7 49.Bd6 Ndf6 50.Be5 Bf8
51.g4 hxg4 52.hxg4 Nd7 53.Bg3 Nxc5 54.bxc5 Rd7 55.Rh1 Qd8 56.Qe3 Bg7 57.Bd6 Rxd6
58.cxd6 Qxd6 59.Rd3 Qd8 60.Rb1 Re7 61.Rb6  1/2-1/2

[Event "Staufer-Open 11th"]
[Site "Schwaebisch Gmuend"]
[Date "1999.??.??"]
[Round "1"]
[White "Panchenko, Alexander N"]
[Black "Kuehne, Werner"]
[Result "1-0"]
[WhiteElo "2430"]
[BlackElo "1812"]

1.d4 Nf6 2.Nf3 d5 3.c4 c6 4.Qc2 g6 5.Bf4 Nbd7 6.cxd5 Nxd5 7.Bd2 Bg7 8.e4 N5f6
9.Be2 O-O 10.O-O e6 11.Bb4 Re8 12.Rd1 Qb6 13.Bd6 a5 14.Nbd2 Qd8 15.h3 Nf8
16.Bh2 N6d7 17.Nc4 f5 18.exf5 exf5 19.Nd6 Re7 20.Qb3+ Ne6 21.Nxb7 Bxb7 22.Qxb7 Ndf8
23.Qxc6 Rc8 24.Qa4 Qb6 25.Qb3 Rb7 26.Bc4 Kh8 27.Bd5 Qxb3 28.axb3 Rd7 29.Rxa5 Nxd4
30.Ne5  1-0

[Event "Sevilla op"]
[Site "Sevilla"]
[Date "1999.??.??"]
[Round "2"]
[White "Candilejo, Antonio"]
[Black "Stefanova, Antoaneta"]
[Result "0-1"]
[WhiteElo "2065"]
[BlackElo "2475"]

1.Nf3 d5 2.d4 c6 3.c4 dxc4 4.a4 Nf6 5.e3 Be6 6.Na3 c5 7.Nxc4 Nc6 8.Be2 cxd4
9.exd4 g6 10.O-O Bg7 11.Nce5 O-O 12.Nxc6 bxc6 13.a5 Rb8 14.Ne5 Bd5 15.Qa4 Qc8
16.b4 Nd7 17.Ba6 Qxa6 18.Nxd7 Qc8 19.Nxb8 Qg4 20.f3 Qxd4+ 21.Kh1 Qxa1 22.Qxa1 Bxa1
23.Be3 Bc3 24.Nxc6 Bxc6 25.Rc1 Bxb4 26.Rxc6 Rd8 27.Rc1 a6 28.Bb6 Rd5 29.Rc8+ Kg7
30.Rd8 Rxd8 31.Bxd8 Kf6 32.Kg1 Bc5+ 33.Kf1 Ke6  0-1

[Event "Sundsvall op"]
[Site "Sundsvall"]
[Date "1999.??.??"]
[Round "3"]
[White "Stal, Carl Olof"]
[Black "Roman, Lennart"]
[Result "0-1"]
[WhiteElo "1720"]
[BlackElo "1850"]

1.d4 d5 2.c4 c6 3.Nf3 dxc4 4.a4 Bg4 5.e3 e6 6.Bxc4 Nf6 7.Nc3 Nbd7 8.O-O Bb4
9.Be2 Qc7 10.Qc2 Bd6 11.h3 Bh5 12.e4 Be7 13.Bg5 h6 14.Bxf6 gxf6 15.Rac1 Qb6
16.d5 c5 17.Rfd1 a6 18.dxe6 fxe6 19.Nh4 Bf7 20.Nf3 Rg8 21.Nd2 Qc6 22.Bf3 Ne5
23.Be2 f5 24.Nc4 Nxc4 25.Bxc4 Bf6 26.Nd5 exd5 27.exd5 Qd7 28.d6 Bd4 29.Re1+ Kd8
30.Re7 Qc6 31.Bf1 Qd5 32.Rxf7 Qxf7 33.Bc4 Qf8 34.Bxg8 Qxg8 35.Qxf5 Qg7 36.Qe6 Qd7
37.Qg8+ Qe8 38.Qd5 Rb8 39.b4 b6 40.bxc5 bxc5 41.g4 Qf8 42.Qc6 Rc8 43.Qb6+ Kd7
44.Qb7+ Kxd6 45.Qxa6+ Rc6 46.Qe2 Kc7 47.Qe1 Rf6 48.Rc2 Qd6 49.Qa5+ Qb6 50.Qe1 Qb3
51.Qe7+ Kb8 52.Qd8+ Kb7 53.Qd7+ Ka6 54.Re2 Qd1+  0-1

[Event "SVK-chT1E 9899"]
[Site "SVK"]
[Date "1999.??.??"]
[Round "11"]
[White "Tibensky, Robert"]
[Black "Dovzik, Juri"]
[Result "1/2-1/2"]
[WhiteElo "2435"]
[BlackElo "2375"]

1.d4 d5 2.c4 c6 3.Nf3 Nf6 4.Qb3 a6 5.Nc3 e6 6.Bg5 Be7 7.e3 O-O 8.Bd3 b5 9.cxb5 cxb5
10.Ne5 Nfd7 11.Bxe7 Qxe7 12.Nxd7 Bxd7 13.O-O Nc6 14.Rfc1 h6 15.Ne2 Rfc8 16.Rc5 Na5
17.Qc3 Nb7 18.Rxc8+ Rxc8 19.Qd2  1/2-1/2

[Event "SWE-chT 9899"]
[Site "Sweden"]
[Date "1999.??.??"]
[Round "7"]
[White "Svenn, Gosta"]
[Black "Hector, Jonny"]
[Result "1/2-1/2"]
[WhiteElo "2385"]
[BlackElo "2505"]

1.d4 d5 2.c4 c6 3.Nf3 Nf6 4.Qb3 e6 5.Bg5 dxc4 6.Qxc4 Qd5 7.Nbd2 Ne4 8.Qxd5 cxd5
9.Nxe4 dxe4 10.Nd2 Nc6 11.Nxe4 Bb4+ 12.Bd2 Bxd2+ 13.Kxd2 Nxd4 14.e3 Nf5 15.Bb5+ Bd7
16.Bxd7+ Kxd7 17.Rac1 b6 18.Rhd1 Rac8 19.Ke2+ Ke7 20.h3 h5 21.g3 f6 22.Rxc8 Rxc8
23.Rd3 Rc4 24.Nc3 Nd6 25.b3 Rc8 26.f3 b5 27.Kd2 b4 28.Ne2 Nb5 29.Kd1 e5 30.Rd5 a6
31.e4 Ke6 32.Kd2 g6 33.Ke3 Nc3 34.Nxc3 bxc3 35.Rd1 c2 36.Rc1 Rc3+ 37.Ke2 f5
38.exf5+ Kxf5 39.b4 e4 40.fxe4+ Kxe4 41.h4 Kf5 42.Kd2 Rxg3 43.Kxc2 Rg4 44.Kb3 Rxh4
45.Rc5+ Kf6 46.Rc6+ Kf5 47.Rxa6 Rh1 48.Kb2 Rh2+ 49.Kb3 Rh1 50.Kb2 Rh2+ 51.Kb3  1/2-1/2

[Event "SWE-chT 9899"]
[Site "Sweden"]
[Date "1999.??.??"]
[Round "10"]
[White "Bjork, Carl Magnus"]
[Black "Eriksson, Mats"]
[Result "1-0"]
[WhiteElo "2468"]
[BlackElo "2340"]

1.d4 d5 2.c4 c6 3.Nf3 Nf6 4.g3 Bf5 5.Bg2 e6 6.O-O Bd6 7.b3 O-O 8.Bb2 Nbd7
9.Nc3 h6 10.Nd2 Qe7 11.e4 dxe4 12.Ndxe4 Ba3 13.Qc1 Bxb2 14.Qxb2 Rfd8 15.Rfe1 Nxe4
16.Nxe4 Nf6 17.Nc5 Rac8 18.Rad1 b6 19.Nd3 Qd6 20.Ne5 Nd7 21.c5 bxc5 22.dxc5 Qc7
23.Nxc6 Re8 24.b4 e5 25.Rd6 e4 26.Qd4 Nf6 27.a3 Bg4 28.h3 Bf3 29.Bxf3 exf3
30.Ne5 Qb7 31.Re3 a5 32.Rb6 Qa8 33.Rd6 axb4 34.axb4 Rb8 35.Nc6 Rxe3 36.Qxe3 Re8
37.Qxf3 Qa1+ 38.Rd1 Qb2 39.Kg2 Re6 40.Rd8+ Kh7 41.Nd4  1-0

[Event "SWE-chT 9899"]
[Site "Sweden"]
[Date "1999.??.??"]
[Round "10"]
[White "Hultin, Johan"]
[Black "Barkhagen, Jonas"]
[Result "0-1"]
[WhiteElo "2358"]
[BlackElo "2506"]

1.d4 Nf6 2.Nf3 d5 3.c4 c6 4.Qc2 e6 5.Bg5 Nbd7 6.e3 Qa5+ 7.Nbd2 Ne4 8.cxd5 Nxg5
9.Nxg5 Qxd5 10.Ngf3 Be7 11.Bd3 h6 12.O-O O-O 13.e4 Qa5 14.Rac1 Rd8 15.e5 Nf8
16.Nb3 Qb4 17.Nfd2 a5 18.a3 Qb6 19.Nc4 Qc7 20.a4 Bd7 21.Rfd1 Be8 22.Be4 b6
23.Rd3 Rac8 24.Ne3 Qb8 25.f4 f5 26.exf6 Bxf6 27.Qf2 c5 28.dxc5 Rxd3 29.Bxd3 Bxa4
30.Nd2 bxc5 31.b3 Bxb3 32.Nxb3 Qxb3 33.Bc4 Qa3 34.Re1 Bc3 35.Re2 Bd4 36.Qe1 Kh8
37.Kh1 Rb8 38.h3 Qb4 39.Qf1 a4 40.f5 exf5 41.Re1 Ng6 42.Nc2 Qd2 43.Qxf5 Qxg2+
44.Kxg2 Nh4+  0-1

[Event "SWZ-chT"]
[Site "SWZ"]
[Date "1999.??.??"]
[Round "3"]
[White "Gabriel, Christian"]
[Black "Domont, Alexandre"]
[Result "1-0"]
[WhiteElo "2581"]
[BlackElo "2399"]

1.Nf3 d5 2.d4 c6 3.c4 Nf6 4.Qb3 dxc4 5.Qxc4 Bg4 6.Qb3 Qb6 7.Nbd2 Nbd7 8.Nc4 Qxb3
9.axb3 e6 10.Na5 e5 11.dxe5 Ne4 12.Nd2 Nec5 13.f4 f6 14.h3 Be6 15.e3 fxe5
16.b4 Na6 17.Bxa6 bxa6 18.O-O Rc8 19.Nac4 exf4 20.Rxf4 Bxb4 21.Rxa6 Ke7 22.b3 Bc5
23.Ne4 Bxc4 24.bxc4 Bb6 25.Ba3+ c5 26.Bb2 Rhg8 27.Ra3 Rcf8 28.Rh4 h6 29.Rh5 Rc8
30.Rd3 Rc6 31.Rhd5 Nf6 32.Re5+ Kf7 33.Nd6+ Kg6 34.Nf5  1-0

[Event "RUS-Cup"]
[Site "Tula "]
[Date "1999.??.??"]
[Round "2"]
[White "Burmakin, Vladimir"]
[Black "Filipenko, Alexander V"]
[Result "1-0"]
[WhiteElo "2534"]
[BlackElo "2360"]

1.d4 d5 2.Nf3 Nf6 3.c4 c6 4.Qc2 g6 5.Bf4 Bf5 6.Qb3 Qb6 7.c5 Qxb3 8.axb3 Bxb1
9.Rxb1 Nbd7 10.e3 Bg7 11.b4 a6 12.Be2 Ne4 13.h4 f6 14.Bd3 e5 15.Bh2 Nxf2
16.Kxf2 e4 17.Bc2 exf3 18.gxf3 f5 19.h5 Kf7 20.Bf4 a5 21.hxg6+ hxg6 22.Rxh8 Rxh8
23.bxa5 g5 24.Bd6 f4 25.Bf5 Ke8 26.Ke2 Rh2+ 27.Kd3 Rf2 28.exf4 gxf4 29.Re1+ Kd8  1-0

[Event "RUS-Cup"]
[Site "Tula "]
[Date "1999.??.??"]
[Round "3"]
[White "Iljushin, Alexei"]
[Black "Mitrofanov, Alexander"]
[Result "1-0"]
[WhiteElo "2484"]
[BlackElo "2284"]

1.d4 d5 2.c4 c6 3.Nf3 Nf6 4.Qc2 g6 5.Bf4 Bg7 6.e3 O-O 7.Nc3 dxc4 8.Bxc4 Bf5
9.Qe2 Ne4 10.O-O Nd7 11.Rac1 Rc8 12.Rfd1 Nb6 13.Bb3 a6 14.Be5 Nf6 15.e4 Bg4
16.h3 Bxf3 17.Qxf3 e6 18.g4 Qe7 19.Qe3 Nfd7 20.Bg3 Rfd8 21.Ne2 Re8 22.Rc2 Red8
23.Kg2 Bf8 24.Rcd2 Re8 25.Bf4 Qb4 26.a3 Qb5 27.Qf3 c5 28.Ba2 c4 29.Nc3 Qc6
30.d5 exd5 31.exd5 Qf6 32.Ne4 Qg7 33.Be3 Qe5 34.Bb1 Bc5 35.Bxc5 f5 36.Bxb6 fxe4
37.Qe3 c3 38.Bd4 Qxd5  1-0

[Event "JUG-chT (Women)"]
[Site "Vrnjacka Banja"]
[Date "1999.??.??"]
[Round "7"]
[White "Relic, Rajna"]
[Black "Zarkovic, Danijela"]
[Result "1-0"]
[WhiteElo "2129"]
[BlackElo "2090"]

1.d4 d5 2.Nf3 Nf6 3.c4 c6 4.g3 e6 5.Bg2 Be7 6.O-O O-O 7.Nc3 Nbd7 8.b3 b6
9.Bb2 Bb7 10.Rc1 Rc8 11.Re1 Re8 12.e4 Nxe4 13.Nxe4 dxe4 14.Rxe4 c5 15.Re2 cxd4
16.Bxd4 Qc7 17.Rd2 Rcd8 18.Qe2 Bb4 19.Rdd1 e5 20.Bb2 Bxf3 21.Qxf3 a5 22.Qc6 Qa7
23.Qb7 Qxb7 24.Bxb7 Rf8 25.Bc6 Nb8 26.Bd5 Bd6 27.Re1 Rfe8 28.Rcd1 Kf8 29.a3 f6
30.Ra1 Be7 31.Bc3 Rd7 32.b4 axb4 33.axb4 Rc7 34.b5 Rd8 35.Ra8 Bc5 36.Kg2 Re7
37.Rea1 Rc7 38.h4 Re7 39.h5 h6 40.Bd2 Rc7 41.f4 exf4 42.Bxf4  1-0

[Event "CRO-chT3"]
[Site "Zadar"]
[Date "1999.??.??"]
[Round "3"]
[White "Maruncic, Vicko"]
[Black "Gagarin, Vasilij"]
[Result "0-1"]
[WhiteElo "2185"]
[BlackElo "2403"]

1.Nf3 d5 2.d4 Nf6 3.c4 c6 4.Qc2 dxc4 5.a4 Bg4 6.e3 e6 7.Bxc4 Be7 8.Nc3 Nbd7
9.h3 Bxf3 10.gxf3 O-O 11.e4 c5 12.e5 Nh5 13.Be3 cxd4 14.Bxd4 Nb6 15.Bxb6 Qxb6
16.O-O-O Rac8 17.Bd3 g6 18.Rhg1 Nf4 19.Be4 Rxc3  0-1